000
00293nam a22001337a 4500
008
171124b xxu||||| |||| 00| 0 eng d
020
_a
9780073109176
041
_a
eng
080
_a
338
100
_a
54
101
_a
MAN
245
_a
LABOR MANAGEMENT RELATIONS
_c
HIL.M
942
_2
udc
_c
BK
999
_c
38453
_d
38453